000
00459nam a2200145Ia 4500
008
100122s9999 xx 000 0 und d
082
_b
8383
_a
823.08
100
_a
पोहनेरकर न शे
245
_a
विरलेल्या गारा
260
_b
जोशी ब्रदर्स
_c
1941
300
_a
50
630
_a
विरलेल्या गारा
730
_a
विरलेल्या गारा
942
_c
BOOK
999
_c
400698
_d
400695